000 01052nam a22002057a 4500
999 _c59648
_d59648
003 Ge_BSU
005 20230328172929.0
008 230328s2019 ge ||||| |||| 00| 0 geo d
020 _a9789941809521
041 _ageo
080 _a343.82(075.8):342.726-058.57(075.8) მ-98
100 _aმჭედლიძე, ნანა
_910128
245 _aსახელმძღვანელო პატიმრობის საერთაშორისო სტანდარტებზე /
_c ნანა მჭედლიძე ; რედაქტორი თინათინ უფლისაშვილი.
264 _aთბილისი,
_c2019.
300 _a456 გვ. ;
_b24 სმ.
504 _aბიბლიოგრაფია ტექსტის შენიშვნებში.
653 _aპატიმრების საერთაშორისო უფლებების დაცვა
700 _aუფლისაშვილი, თინათინ
_917305
942 _2udc
_cBK